000 00593nam a22002177a 4500
003 UA-OsUOA
001 50834
007 ta
008 20071126b un ||||| |||| 00| 0 ukr d
090 _a94(477.8)=054.72
_bК31
942 _cBK
040 _aUA-OsUOA
_bukr
_cUA-OsUOA
_dUA-OsUOA
245 _aЕміграція з Західної України (1919 - 1939)
300 _a414 с.
955 _a1
041 _aukr
080 _a94(477.8)=054.72
260 _aЛьвів
_bЛНУ
_c2003
650 7 _a9 Географія. Біографії. Історія
_2UDC
999 _c336918
_d336918